01310nam a2200349 a 4500001001200000003000800012006001900020007001500039008004100054010001700095020003100112020002800143020002700171040002100198035002100219050002500240082001700265245010000282260004300382300002400425504005100449533015200500650001900652650002400671655002900695700001800724700001500742700002100757710003900778710001700817856012600834ebr10509336CaPaEBRm u cr cn|||||||||100929s2011 dcua sb 001 0 eng d z 2010041260 z9781555814816 (alk. paper) z1555814816 (alk. paper) z9781555817145 (e-book) aCaPaEBRcCaPaEBR a(OCoLC)76090339214aQR89.7b.N542 2011eb04a572/.54522200aNitrificationh[electronic resource] /cedited by Bess B. Ward, Daniel J. Arp, Martin G. Klotz. aWashington, D.C. :bASM Press,cc2011. axiv, 445 p. :bill. aIncludes bibliographical references and index. aElectronic reproduction.bPalo Alto, Calif. :cebrary,d2011.nAvailable via World Wide Web.nAccess may be limited to ebrary affiliated libraries. 0aNitrification. 0aNitrogenxFixation. 7aElectronic books.2local1 aWard, Bess B.1 aArp, D. J.1 aKlotz, Martin G.2 aAmerican Society for Microbiology.2 aebrary, Inc.40uhttp://site.ebrary.com/lib/rucke/Doc?id=10509336zAn electronic book accessible through the World Wide Web; click to view